000 00687nam a2200217Ii 4500
001 14682
003 CO-ViMGA
008 241108s9999||||xx |||||||||||||| ||und||
020 _a958692954X
040 _aCO-ViMGA
_bspa
_erda
_cCO-ViMGA
041 0 _aspa
082 0 4 _a155.221 E23s
100 1 _aRaúl Echeverri Mejía
_951522
245 1 0 _aSemillas de vida 2 :
_btextos para motivar el crecimiento personal y descubrir el sentido de la vida
264 1 _aBogotá, Colombia : San Pablo, 2007
300 _avolumen
336 _atext
_btxt
_2rdacontent
337 _aunmediated
_bn
_2rdamedia
338 _avolume
_bnc
_2rdacarrier
940 _aidficha_siabuc: 14374. -- ficha_no_siabuc:14682
999 _c46251
_d46251